000 00431nam a2200169Ia 4500
008 230524s9999 xx 000 0 und d
082 _a519.4
_bJAI
100 _aM.K.Jain
245 0 _aNumerical Methods for Scientific and Engineering Computation
250 _a4TH
260 _aNEW DELHI
_bNAI
_c2003
300 _aXI;829
500 _aQuantity Number: 2
650 _aMathematics
700 _a S.R.K.Iyenger
942 _cBK
999 _c32036
_d32036